000 00321nam a2200133Ia 4500
008 230917s9999||||xx |||||||||||||| ||und||
040 _e137806
_aMAIN
041 _aEnglish
082 _a658.8 I2M
245 0 _aMarketing communication: workbook
260 _aHyderabad
_bICFAI
_c2004
300 _a299p p.
942 _cBK
999 _c147825
_d147825